| 000 | 01267cam a22003015a 4500 | ||
|---|---|---|---|
| 001 | 15486017 | ||
| 005 | 20161120125503.0 | ||
| 008 | 081016s2010 njua 001 0 eng | ||
| 010 | _a 2008043251 | ||
| 020 | _a9780132223676 | ||
| 020 | _a0132223678 | ||
| 040 |
_aDLC _beng _cDLC _dDLC _dEG-ScBUE |
||
| 082 | 0 | 4 |
_222 _a697 _bSTA |
| 100 | 1 |
_aStanfield, Carter. _941674 |
|
| 245 | 1 | 0 |
_aFundamentals of HVAC/R / _cCarter Stanfield, David Skaves. |
| 260 |
_aUpper Saddle River, N.J. : _bPrentice Hall, _cc2010. |
||
| 300 |
_axiii, 1554 p. : _bcol. ill. ; _c28 cm. |
||
| 500 | _aIndex : p. 1527-1554. | ||
| 500 | _aGlossary : p. 1474-1526. | ||
| 505 | _aFundamentals -- HVAC/R science -- Tools and equipment -- Refrigerants and refrigeration systems -- HVAC/R electrical systems and components -- Residential and light commercial systems -- System design, sizing, and layout -- Commercial environmental systems -- Commercial refrigeration systems -- Installation, maintenance, and troubleshooting. | ||
| 590 | _aWessam | ||
| 650 | 7 |
_aAir conditioning. _2BUEsh _95822 |
|
| 650 | 7 |
_aRefrigeration and refrigerating machinery. _2BUEsh _95821 |
|
| 651 | _2BUEsh | ||
| 653 |
_bENGGEN _cNovember2016 |
||
| 700 | 1 |
_aSkaves, David. _941673 |
|
| 942 |
_2ddc _e22 _k697 STA |
||
| 999 |
_c23202 _d23174 |
||